Can difference in the genetics between the rootstock and scion lead to tapping panel dryness syndrome (Record no. 52921)

MARC details
000 -LEADER
fixed length control field 00729nam a2200217Ia 4500
100 ## - MAIN ENTRY--AUTHOR NAME
Personal name Sobhana P.
245 #0 - TITLE STATEMENT
Title Can difference in the genetics between the rootstock and scion lead to tapping panel dryness syndrome
260 ## - PUBLICATION, DISTRIBUTION, ETC. (IMPRINT)
Name of publisher Proceedings of IRRDB Symposium 1999, Hainan, Peoples' Republic of China (Eds. Chen Qiubo and Zhou Jiannan). Hainan Publishing House, China, pp. 331-336
Year of publication 1999
650 ## - SUBJECT ADDED ENTRY--TOPICAL TERM
Topical Term Budding
650 ## - SUBJECT ADDED ENTRY--TOPICAL TERM
Topical Term Genetic diversity
650 ## - SUBJECT ADDED ENTRY--TOPICAL TERM
Topical Term Root stock
650 ## - SUBJECT ADDED ENTRY--TOPICAL TERM
Topical Term Scion
650 ## - SUBJECT ADDED ENTRY--TOPICAL TERM
Topical Term Tapping panel dryness
700 ## - ADDED ENTRY--PERSONAL NAME
Personal name Jacob J.[a]
700 ## - ADDED ENTRY--PERSONAL NAME
Personal name Krishnakumar R.
700 ## - ADDED ENTRY--PERSONAL NAME
Personal name Saha T.
700 ## - ADDED ENTRY--PERSONAL NAME
Personal name Sreena A.S.
700 ## - ADDED ENTRY--PERSONAL NAME
Personal name Thomas M.
942 ## - ADDED ENTRY ELEMENTS (KOHA)
Koha item type Bibliography STAF
Holdings
Withdrawn status Lost status Damaged status Not for loan Home library Current library Date acquired Koha item type
      Bibliography RRII Library RRII Library 09/04/2014 Bibliography STAF